<?xml version="1.0" encoding="UTF-8"?>
<marc:record xmlns:marc="http://www.loc.gov/MARC21/slim">
   <marc:leader>00000nam a2200000 a 4500</marc:leader>
   <marc:datafield ind1=" " ind2=" " tag="653">
      <marc:subfield code="a">Erinnerungen</marc:subfield>
   </marc:datafield>
   <marc:datafield ind1="0" ind2="0" tag="245">
      <marc:subfield code="a">Mein Weg über die Pyrenäen</marc:subfield>
   </marc:datafield>
   <marc:datafield ind1="0" ind2="0" tag="245">
      <marc:subfield code="b">Erinnerungen 1940 / 41</marc:subfield>
   </marc:datafield>
   <marc:datafield ind1=" " ind2="1" tag="264">
      <marc:subfield code="a">Wien, München</marc:subfield>
      <marc:subfield code="b">Carl Hanser Verl.</marc:subfield>
      <marc:subfield code="c">1985</marc:subfield>
   </marc:datafield>
   <marc:datafield ind1="1" ind2=" " tag="520">
      <marc:subfield code="a">An den Hilfsaktionen haben die Frittos  maßgeblichen Anteil. Sie machten den  gefährlichen Weg über die Pyrenäen bis zu  dreimal in der Woche, Der Strom der  Flüchlinge riß nie ab</marc:subfield>
   </marc:datafield>
   <marc:datafield ind1=" " ind2=" " tag="020">
      <marc:subfield code="a">9783446139480</marc:subfield>
      <marc:subfield code="9">9783446139480</marc:subfield>
   </marc:datafield>
   <marc:datafield ind1=" " ind2=" " tag="020">
      <marc:subfield code="a">3446139486</marc:subfield>
      <marc:subfield code="9">3446139486</marc:subfield>
   </marc:datafield>
   <marc:datafield ind1=" " ind2=" " tag="338">
      <marc:subfield code="a">Band</marc:subfield>
   </marc:datafield>
   <marc:datafield ind1=" " ind2=" " tag="300">
      <marc:subfield code="a">284 S.</marc:subfield>
   </marc:datafield>
</marc:record>
